| 000 | 01455cam a22003974a 4500 | ||
|---|---|---|---|
| 999 |
_c534025 _d534025 |
||
| 001 | 13714450 | ||
| 003 | Nust | ||
| 005 | 20200128152215.0 | ||
| 008 | 040909s2005 flu 000 1 eng | ||
| 010 | _a 2004021330 | ||
| 020 | _a9780747578932 | ||
| 038 | _aMSOHAIL | ||
| 040 |
_aDLC _cDLC _dDLC |
||
| 043 | _aa-pk--- | ||
| 050 | 0 | 0 |
_aPR9540.9.S485 _bB76 2005 |
| 082 | 0 | 0 |
_a823.914 _bSHA |
| 100 | 1 |
_aShamsie, Kamila, _d1973- _913171 |
|
| 245 | 1 | 0 |
_aBroken verses / _cKamila Shamsie. |
| 250 | _a1st U.S. ed. | ||
| 260 |
_aOrlando, Fla. : _bHarcourt, _c2005. |
||
| 300 |
_a338 p. ; _c20 cm. |
||
| 500 | _a"A Harvest original." | ||
| 650 | 0 |
_aWomen political activists _vFiction. _928131 |
|
| 650 | 0 |
_aMothers and daughters _vFiction. _97741 |
|
| 650 | 0 |
_aMissing persons _vFiction. _97574 |
|
| 650 | 0 |
_aLetter writing _vFiction. _928132 |
|
| 650 | 0 |
_aYoung women _vFiction. _93694 |
|
| 651 | 0 |
_aPakistan _vFiction. _911294 |
|
| 655 | 7 |
_aDomestic fiction. _2lcsh _94525 |
|
| 655 | 7 |
_aSuspense fiction. _2gsafd _94577 |
|
| 856 | 4 | 2 |
_3Contributor biographical information _uhttp://www.loc.gov/catdir/bios/har051/2004021330.html |
| 856 | 4 | 2 |
_3Publisher description _uhttp://www.loc.gov/catdir/description/har051/2004021330.html |
| 906 |
_a7 _bcbc _corignew _d1 _eecip _f20 _gy-gencatlg |
||
| 942 |
_2ddc _cBK |
||